| 000 | 00478nam a22001697a 4500 | ||
|---|---|---|---|
| 999 |
_c17333 _d17333 |
||
| 008 | 181023b xxu||||| |||| 00| 0 eng d | ||
| 020 | _a9384007225 | ||
| 050 |
_aBF76.5 _b.S34 c.1 |
||
| 100 | _aSchweigert, Wendy A. | ||
| 245 |
_aResearch Methods in Psychology _cWendy A. Schweigert |
||
| 250 | _a3rd ed. | ||
| 260 |
_aNew Delhi _bMedtech |
||
| 300 | _axiii, 353p. | ||
| 650 |
_aPsychology _vResearch methodology |
||
| 650 |
_aPsychology _vExperimental |
||
| 942 |
_2lcc _cBK |
||